MARC details
| 000 -LEADER |
| fixed length control field |
01008nam a2200349 a 4500 |
| 001 - CONTROL NUMBER |
| control field |
21504 |
| 003 - CONTROL NUMBER IDENTIFIER |
| control field |
VRT |
| 005 - DATE AND TIME OF LATEST TRANSACTION |
| control field |
20260303081044.0 |
| 008 - FIXED-LENGTH DATA ELEMENTS--GENERAL INFORMATION |
| fixed length control field |
190503s2003 xr a j 000 1 cze c |
| 020 ## - INTERNATIONAL STANDARD BOOK NUMBER |
| International Standard Book Number |
8072375245 |
| 035 ## - SYSTEM CONTROL NUMBER |
| System control number |
DFT003849 |
| 039 #9 - LEVEL OF BIBLIOGRAPHIC CONTROL AND CODING DETAIL [OBSOLETE] |
| Level of rules in bibliographic description |
202505070650 |
| Level of effort used to assign nonsubject heading access points |
msnk162 |
| Level of effort used to assign subject headings |
201905031604 |
| Level of effort used to assign classification |
VLOAD |
| Level of effort used to assign subject headings |
201905031024 |
| Level of effort used to assign classification |
AUTHORITY |
| Level of effort used to assign subject headings |
201011080913 |
| Level of effort used to assign classification |
msnk88 |
| 040 ## - CATALOGING SOURCE |
| Original cataloging agency |
BIN |
| Language of cataloging |
slo |
| Transcribing agency |
SNK |
| Description conventions |
AACR2 |
| 041 0# - LANGUAGE CODE |
| Language code of text/sound track or separate title |
cze |
| Language code of original |
eng |
| 044 ## - COUNTRY OF PUBLISHING/PRODUCING ENTITY CODE |
| MARC country code |
xr |
| ISO country code |
CZ |
| 100 1# - MAIN ENTRY--PERSONAL NAME |
| Personal name |
Dickins, Rosie |
| 245 10 - TITLE STATEMENT |
| Title |
Kreslíme portrét |
| Remainder of title |
další informace na internetu |
| 250 ## - EDITION STATEMENT |
| Edition statement |
1. |
| 260 ## - PUBLICATION, DISTRIBUTION, ETC. |
| Place of publication, distribution, etc. |
Praha |
| Name of publisher, distributor, etc. |
Svojtka & Co. |
| Date of publication, distribution, etc. |
2003 |
| 300 ## - PHYSICAL DESCRIPTION |
| Extent |
63 s. |
| 650 07 - SUBJECT ADDED ENTRY--TOPICAL TERM |
| Topical term or geographic name entry element |
portréty |
| Source of heading or term |
SNKPH |
| 650 07 - SUBJECT ADDED ENTRY--TOPICAL TERM |
| Topical term or geographic name entry element |
výtvarné techniky |
| Source of heading or term |
SNKPH |
| 650 07 - SUBJECT ADDED ENTRY--TOPICAL TERM |
| Topical term or geographic name entry element |
kresba |
| Source of heading or term |
SNKPH |
| 650 07 - SUBJECT ADDED ENTRY--TOPICAL TERM |
| Topical term or geographic name entry element |
literatúra pre deti a mládež |
| Source of heading or term |
SNKPH |
| 650 07 - SUBJECT ADDED ENTRY--TOPICAL TERM |
| Topical term or geographic name entry element |
koláže |
| Source of heading or term |
SNKPH |
| 650 07 - SUBJECT ADDED ENTRY--TOPICAL TERM |
| Topical term or geographic name entry element |
karikatúry |
| Source of heading or term |
SNKPH |
| 655 #7 - INDEX TERM--GENRE/FORM |
| Genre/form data or focus term |
príručky |
| Source of term |
SNKPH |
| 700 1# - ADDED ENTRY--PERSONAL NAME |
| Personal name |
McCafferty, Jan |
| Relationship |
aut |
| 700 1# - ADDED ENTRY--PERSONAL NAME |
| Personal name |
Bauer, Alois |
| Relationship |
trl |
| 942 ## - ADDED ENTRY ELEMENTS (KOHA) |
| Source of classification or shelving scheme |
Dewey Decimal Classification |
| Koha item type |
Odborná literatúra pre deti |
| Suppress in OPAC |
No |
| 949 ## - LOCAL PROCESSING INFORMATION (OCLC) |
| 6 |
3870A08477 |
| a |
binT G9 122 |
| b |
bin8477 |